00374nam a2200121Ia 4500008004100000082001700041100002100058245004000079260003200119300000900151630001800160650007400178211109s9999||||xx |||||||||||||| ||und|| a494.8bSUB-D aSubramaniam, V G 0aDebates On The Gramatical Dravidian bDla PulicatiosaIndiac1900 a29p. xGeneral Stack aAltaic, Uralic, Hyperborean & DravidianvLanguagexdiscussionsEnglish